|
|
|
|
| LEADER |
00000cam a2200000 7i4500 |
| 001 |
0000005005 |
| 005 |
20040816093000.0 |
| 008 |
021118s1981 |
| 020 |
|
|
|a 9971927020
|
| 090 |
0 |
0 |
|a PL5084
|b .M84
|
| 100 |
0 |
|
|a Mulyono, Sri ,
|e author
|
| 245 |
1 |
0 |
|a Human character in the Wayang
|c Sri Mulyono
|
| 260 |
2 |
|
|a Singapore :
|b Gunong Agung ,
|c 1981
|
| 300 |
|
|
|a 272 p. ;
|c 21 cm.
|
| 500 |
|
|
|a Terjemahan: Wayang dan karakter manusia
|
| 650 |
|
0 |
|a Puppet and puppet plays
|z Indonesia
|
| 650 |
|
0 |
|a Wayang
|
| 999 |
|
|
|a 1000043902
|b Book
|c OPEN SHELF (30 DAYS)
|e Gong Badak Campus
|
| 999 |
|
|
|a 1000043903
|b Book
|c OPEN SHELF (30 DAYS)
|e Gong Badak Campus
|